| 000 | 01320cad a22002415a 4500 | ||
|---|---|---|---|
| 001 | L145018 | ||
| 008 | 080901e20080829xxk f lf000 0 eng d | ||
| 035 | _a(Sirsi) u145018 | ||
| 041 | 0 | _aeng | |
| 050 | 0 | 4 | _a711.1 $2 18 |
| 110 | 2 |
_aUnited Kingdom _kLaws, etc. _95044 |
|
| 245 | 0 | 4 |
_aThe Town and Country Planning (Trees) (Amendment) (England) Regulations 2008 _h[electronic resource] |
| 260 |
_aLondon _bOPSI _c2008 |
||
| 520 | _aThis instrument makes amendments to the Town and Country Planning (Trees) Regulations 1999 and comes into force 1 October 2008. It allows for the use of a standard application form for applications for consent for a tree preservation order. It also substitutes a new part four of the 1999 regulations to provide new regulations for appeals without a hearing under S78 of the Town and Country Planning Act 1990. | ||
| 521 | _aAdvanced | ||
| 590 | _aKA NTK | ||
| 650 | 2 | 4 | _aTHE TOWN AND COUNTRY PLANNING (TREES) (AMENDMENT) (ENGLAND) REGULATIONS 2008 |
| 650 | 2 | 4 | _aTHE TOWN AND COUNTRY PLANNING ACT 1990 S78 |
| 651 | 4 |
_aEngland and Wales _y1543- |
|
| 690 | _aENVIRONMENTAL AND LAND CONSULTANCY-PLANNING AND DEVELOPMENT-DEVELOPMENT CONTROL | ||
| 856 | 4 | 0 |
_uhttps://www.opsi.gov.uk/si/si2008/uksi_20082260_en_1 _zView the item free of charge online at www.opsi.gov.uk... |
| 942 | _n0 | ||
| 999 |
_c108672 _d108672 |
||